| 000 | 00590nam a22001937a 4500 | ||
|---|---|---|---|
| 999 |
_c3309 _d3309 |
||
| 003 | OSt | ||
| 005 | 20210525142805.0 | ||
| 008 | 160323b xxu||||| |||| 00| 0 eng d | ||
| 020 | _a1842776797 | ||
| 040 | _c040a | ||
| 082 | _a362.5 IND 2005 | ||
| 100 |
_aEversole, Robyn; McNeish, John-Andrew; Cimadamore,Alberto D. _914287 |
||
| 245 |
_aIndigenous People and Poverty: _ban international perspective |
||
| 260 |
_aLondon _bZed books _c2005 |
||
| 300 |
_aiii, 311p; _bill : _c10 cm |
||
| 504 | _aIncludes bibliographical references and index | ||
| 650 |
_aPoverty _98 |
||
| 942 |
_2ddc _cSLOAN |
||